Quels sont les fruits préférés des Français ? - Statistiques

Statistiques générales
  • Ce quiz a été pris 738 fois
  • Le résultat moyen est 9 sur 11
Statistiques - réponses
Rang Fruit % Correct
1 Fraise
98%
6 Pomme
98%
4 Banane
95%
5 Framboise
94%
11 Poire
93%
2 Pêche
85%
3 Cerise
74%
7 Abricot
72%
10 Ananas
65%
9 Mangue
65%
8 Raisin
65%
Aucun quiz correspondant
Distribution des résultats
% des personnes avec chaque résultat
Percentile par nombre de réponses
Votre historique - résultats
Vous n’avez pas pris ce quiz